Villes mondiales finissant par U - Statistiques

Statistiques générales
  • Ce quiz a été pris 94 fois
    35 depuis la dernière actualisation
  • Le résultat moyen est 12 sur 20
Statistiques - réponses
Question Villes % Correct
Guinée- _ _ _ _ _ _ Bissau
96%
Capitale du Népal Katmandou
93%
Capitale de la Russie Moscou
93%
Capitale de l'Azerbaïdjan Bakou
81%
Capitale de l'état américain d'Hawaï Honolulu
81%
Capitale des Bahamas Nassau
81%
Capitale du Burkina Faso Ouagadougou
81%
Préfecture des Pyrénées-Atlantiques Pau
81%
Capitale de la Moldavie Chisinau
74%
Capitale du Lesotho Maseru
56%
Capitale du département de la Mayotte Mamoudzou
52%
Capitale de l'île de la Dominique Roseau
52%
Capitale du Bhoutan Thimphou
52%
Capitale de facto du Bénin Cotonou
44%
Une grande ville du Mali tout proche du fleuve Niger Tombouctou
41%
Ville iséroise au nom composé, ayant un très bon club de rugby Bourgoin-Jallieu
33%
Cite l'une des 3 villes finlandaise dans le top12 des plus peuplées Oulu / Turku / Joensuu
30%
Ville alsacienne connue pour sa forêt Haguenau
26%
Capitale de la province chinoise du Sichuan avec 26 millions d'habitants Chengdu
19%
Ville de 4 lettres d'une préfecture japonaise au même nom Gifu
0%
Aucun quiz correspondant
Distribution des résultats
% des personnes avec chaque résultat
Percentile par nombre de réponses
Votre historique - résultats
Vous n’avez pas pris ce quiz depuis la dernière actualisation